Southville International School and Colleges
Your cart is empty.
  • Cart
  • Lists
    Public lists Eva Luna New books Lux_list list_1
    Your lists Log in to create your own lists
  • Log in to your account
  • Your cookies
  • Search history
Southville International School and Colleges
  • Advanced search
  • Recent comments
  • Most popular
  • Libraries

Log in to your account

Log in with GOOGLE


If you do not have an external account, but do have a local account, you can still log in:

  1. Home
  2. MARC view: Enhancing your website /
Normal view MARC view ISBD view

Enhancing your website / (Record no. 426)

[ view plain ]
MARC details
000 -LEADER
fixed length control field 01595cam a2200445 a 4500
001 - CONTROL NUMBER
control field 12347934
003 - CONTROL NUMBER IDENTIFIER
control field OSt
005 - DATE AND TIME OF LATEST TRANSACTION
control field 20140310181629.0
008 - FIXED-LENGTH DATA ELEMENTS--GENERAL INFORMATION
fixed length control field 010315s2000 enka 001 0 eng d
010 ## - LIBRARY OF CONGRESS CONTROL NUMBER
LC control number 2001267165
020 ## - INTERNATIONAL STANDARD BOOK NUMBER
International Standard Book Number 0751313017
024 1# - OTHER STANDARD IDENTIFIER
Standard number or code 9780789472885
035 ## - SYSTEM CONTROL NUMBER
System control number (OCoLC)ocm46402684
040 ## - CATALOGING SOURCE
Original cataloging agency IOU
Transcribing agency IOU
Modifying agency DLC
042 ## - AUTHENTICATION CODE
Authentication code lccopycat
050 00 - LIBRARY OF CONGRESS CALL NUMBER
Classification number QA 76.76
Item number .L723 2000
082 00 - DEWEY DECIMAL CLASSIFICATION NUMBER
Classification number TR 004.02
-- 21
Item number L62 2000
100 1# - MAIN ENTRY--PERSONAL NAME
Personal name Light, Ann
Fuller form of name (Ann Maxine),
Dates associated with a name 1961-
245 10 - TITLE STATEMENT
Title Enhancing your website /
Statement of responsibility, etc Ann Light & Des Watson.
246 3# - VARYING FORM OF TITLE
Title proper/short title Internet, enhancing your website
250 ## - EDITION STATEMENT
Edition statement 1st American ed.
260 ## - PUBLICATION, DISTRIBUTION, ETC. (IMPRINT)
Place of publication, distribution, etc London ;
-- New York :
Name of publisher, distributor, etc Dorling Kindersley,
Date of publication, distribution, etc c2000.
300 ## - PHYSICAL DESCRIPTION
Extent 72 p. :
Other physical details col. ill. ;
Dimensions 18 cm.
440 #0 - SERIES STATEMENT/ADDED ENTRY--TITLE
Title Essential computers
500 ## - GENERAL NOTE
General note "Using Microsoft Windows 98 : HTML."--Cover.
500 ## - GENERAL NOTE
General note At head of title: Internet.
500 ## - GENERAL NOTE
General note Includes index.
521 ## - TARGET AUDIENCE NOTE
Target audience note
541 ## - IMMEDIATE SOURCE OF ACQUISITION NOTE
-- 1
562 ## - COPY AND VERSION IDENTIFICATION NOTE
Number of copies 1
650 #0 - SUBJECT ADDED ENTRY--TOPICAL TERM
Topical term or geographic name as entry element HTML (Document markup language)
650 #0 - SUBJECT ADDED ENTRY--TOPICAL TERM
Topical term or geographic name as entry element Web sites
General subdivision Design.
650 #0 - SUBJECT ADDED ENTRY--TOPICAL TERM
Topical term or geographic name as entry element Windows (Computer programs)
700 1# - ADDED ENTRY--PERSONAL NAME
Personal name Watson, Des.
856 42 - ELECTRONIC LOCATION AND ACCESS
Materials specified Contributor biographical information
Uniform Resource Identifier <a href="http://www.loc.gov/catdir/enhancements/fy0721/2001267165-b.html">http://www.loc.gov/catdir/enhancements/fy0721/2001267165-b.html</a>
856 42 - ELECTRONIC LOCATION AND ACCESS
Materials specified Publisher description
Uniform Resource Identifier <a href="http://www.loc.gov/catdir/enhancements/fy0721/2001267165-d.html">http://www.loc.gov/catdir/enhancements/fy0721/2001267165-d.html</a>
906 ## - LOCAL DATA ELEMENT F, LDF (RLIN)
a 7
b cbc
c copycat
d 2
e ncip
f 20
g y-gencatlg
942 ## - ADDED ENTRY ELEMENTS (KOHA)
Source of classification or shelving scheme Library of Congress Classification
Koha item type
Call number prefix
Holdings
Withdrawn status Lost status Source of classification or shelving scheme Damaged status Home library Current library Shelving location Date acquired Total Checkouts Full call number Barcode Date last seen Copy number Price effective from Koha item type
    Library of Congress Classification   Luxembourg Library Luxembourg Library Teachers Reference Section 03/01/2012   QA 76.76 .L723 2000 11315 08/13/2013 1 10/03/2013 Books

Enhancing your website /

APA

Light A., Watson D., . (2000). Enhancing your website. London: Dorling Kindersley.

Chicago

Light Ann, Watson Des, . 2000. Enhancing your website. London: Dorling Kindersley.

Harvard

Light A., Watson D., . (2000). Enhancing your website. London: Dorling Kindersley.

MLA

Light Ann, Watson Des, . Enhancing your website. London: Dorling Kindersley. 2000.

  • Place hold
  • Print
  • Cite
  • Add to your cart (remove)
  • Save record
    BIBTEX Dublin Core MARCXML MARC (non-Unicode/MARC-8) MARC (Unicode/UTF-8) MARC (Unicode/UTF-8, Standard) MODS (XML) RIS
  • More searches
    Search for this title in:
    Other Libraries (WorldCat) Other Databases (Google Scholar) Online Stores (Bookfinder.com) Open Library (openlibrary.org)

Exporting to Dublin Core...

SOUTHVILLE LIBRARY

Southville International School and Colleges Library

1281 Tropical Ave. Cor. Luxembourg St., BF Homes International, Las Pinas City

Tel. No. 8256374 / 252358 Loc. 117/146

Powered by Koha